Entry Personal Name
Number of records used in: 3
001 - CONTROL NUMBER
003 - CONTROL NUMBER IDENTIFIER
005 - DATE AND TIME OF LATEST TRANSACTION
- control field:
20200206102645.0
008 - FIXED-LENGTH DATA ELEMENTS
- fixed length control field:
830623n| azannaabn |b aaa
010 ## - LIBRARY OF CONGRESS CONTROL NUMBER
- LC control number:
n 83003352
035 ## - SYSTEM CONTROL NUMBER
- System control number:
(OCoLC)oca00899775
040 ## - CATALOGING SOURCE
- Original cataloging agency:
DLC
- Language of cataloging:
eng
- Description conventions:
rda
- Transcribing agency:
DLC
- Modifying agency:
DLC
- Modifying agency:
NjP
- Modifying agency:
NjR
- Modifying agency:
OCoLC
- Modifying agency:
CSt
- Modifying agency:
DLC
046 ## - SPECIAL CODED DATES
- Birth date:
1941
- Source of information:
Her Beyond the veil, 1987: CIP data sheet
046 ## - SPECIAL CODED DATES
- Birth date:
1940
- Source of information:
Women in Muslim history, 1999
- Source of information:
El país WWW site, viewed Dec. 1, 2015
046 ## - SPECIAL CODED DATES
- Death date:
2015-11-30
- Source of information:
El país WWW site, viewed Dec. 1, 2015
100 1# - HEADING--PERSONAL NAME
- Personal name:
Mernissi, Fatima
370 ## - ASSOCIATED PLACE
- Place of birth:
Fès (Morocco)
- Place of death:
Rabat (Morocco)
- Associated country:
Morocco
- Source of term:
naf
372 ## - FIELD OF ACTIVITY
- Field of activity:
Sociology
- Source of term:
lcsh
373 ## - ASSOCIATED GROUP
- Associated group:
Jāmiʻat Muḥammad al-Khāmis
- Source of term:
naf
374 ## - OCCUPATION
- Occupation:
Sociologists
- Source of term:
lcsh
375 ## - GENDER
377 ## - ASSOCIATED LANGUAGE
- Language code:
ara
- Language code:
eng
- Language code:
fre
400 1# - SEE FROM TRACING--PERSONAL NAME
- Personal name:
Marnīsī, Fāṭimah
400 1# - SEE FROM TRACING--PERSONAL NAME
- Personal name:
Murnīsī, Fāṭimah
400 1# - SEE FROM TRACING--PERSONAL NAME
- Personal name:
Mirnīsī, Fāṭimah
400 1# - SEE FROM TRACING--PERSONAL NAME
- Personal name:
Marnissi, Fatima
400 1# - SEE FROM TRACING--PERSONAL NAME
- Personal name:
Mernissi, Fatema
400 1# - SEE FROM TRACING--PERSONAL NAME
- Personal name:
فاطمة المرنيسي
400 1# - SEE FROM TRACING--PERSONAL NAME
- Personal name:
مرنيسي، فاطمة
670 ## - SOURCE DATA FOUND
- Source citation:
Her Beyond the veil, c1975.
670 ## - SOURCE DATA FOUND
- Source citation:
Her al-Sulūk al-jinsī fī mujtamaʻ Islāmī raʼsmālī tabaʻī, 1982:
- Information found:
t.p. (D. Fāṭimah al-Marnīsī)
670 ## - SOURCE DATA FOUND
- Source citation:
Her Beyond the veil, 1987:
- Information found:
CIP t.p. (Fatima Mernissi) data sheet (b. 1941)
670 ## - SOURCE DATA FOUND
- Source citation:
Aḥlām al-nisāʼ, 1997:
- Information found:
t.p. (Fāṭimah al-Marnīsī) t.p. verso (Fatima Marnissi [in rom.])
670 ## - SOURCE DATA FOUND
- Source citation:
Scheherazade goes west, 2001:
- Information found:
CIP t.p. (Fatema Mernissi)
670 ## - SOURCE DATA FOUND
- Source citation:
Women in Muslim history, 1999:
- Information found:
t.p. (Fatima Mernissi) 3rd prelim. p. (b. 1940 in Fez, Morocco; Dr.; at Mohammed V Univ.)
670 ## - SOURCE DATA FOUND
- Source citation:
El país WWW site, viewed Dec. 1, 2015
- Information found:
(in obituary dated Nov. 30, 2015: the Moroccan writer, sociologist and professor Fátima Mernissi died Monday [Nov. 30, 2015] in Rabat at age 75; quotes her Sueños en el umbral: I was born in 1940 in Fez, Morocco)